Microeconomic theory /

מידע ביבליוגרפי
מחבר ראשי: Mas-Colell, Andreu
מחברים אחרים: Whinston, Michael Dennis, Green, Jerry R.
פורמט: ספר
שפה:English
יצא לאור: New York : Oxford University Press, 1995.
נושאים:
Classic Catalogue: View this record in Classic Catalogue
LEADER 01276nam a2200313 a 4500
001 0016968
003 BD-DhAAL
008 091109m20081995nyua b 001 0 eng d
010 |a  95018128 
020 |a 0195685717 
020 |a 9780195685718 
020 |a 0195073401 (alk. paper) 
020 |a 0195102681 (pbk. : alk. paper) 
040 |a DLC  |c DLC  |d DLC  |d BD-DhAAL 
082 0 0 |a 338.5  |2 20 
100 2 |a Mas-Colell, Andreu.  |9 58430 
245 1 0 |a Microeconomic theory /  |c Andreu Mas-Colell, Michael D. Whinston, and Jerry R. Green. 
260 |a New York :  |b Oxford University Press,  |c 1995. 
300 |a xvii, 981 p. :  |b ill. ;  |c 26 cm 
504 |a Includes bibliographical references and index. 
526 |a ESS  |x Theophil Nokrek, DCO, Department of ESS 
541 1 |e 00016968  |a Oxford University Press 
650 0 |a Microeconomics. 
700 1 |a Whinston, Michael Dennis.  |9 58431 
700 1 |a Green, Jerry R.  |9 58432 
852 4 |a Ayesha Abed Library   |c General Stacks 
942 |2 ddc  |c BK 
999 |c 5285  |d 5285 
952 |0 0  |1 0  |2 ddc  |4 0  |6 338_500000000000000_MAS_1995  |7 0  |8 NFIC  |9 5134  |a BRACUL  |b BRACUL  |c GEN  |d 2009-11-09  |e Oxford University Press  |g 776.04  |l 6  |m 13  |o 338.5 MAS  |p 3010016968  |r 2025-09-15  |s 2025-08-09  |t 1  |w 2009-11-09  |y BK  |x Requisitioned by Theophil Nokrek, DCO, Department of ESS